| 000 | 01765cam a22004454i 4500 | ||
|---|---|---|---|
| 003 | PE-LiUPU | ||
| 005 | 20250731173209.0 | ||
| 008 | 150625s1970 miu r 000 0 eng d | ||
| 035 | _a(Sirsi) a31747 | ||
| 040 |
_aPE-LiUPU _bspa _cPE-LiUPU _erda |
||
| 049 | _aPRUA | ||
| 082 | 0 | 4 |
_a221.9 _bW79 _221 |
| 100 | 1 |
_aWood, León James, _eautor. |
|
| 245 | 1 | 2 |
_aA survey of Israel's history / _cLeón Wood. |
| 264 | 1 |
_aMichigan : _bZondervan, _c1970. |
|
| 300 |
_a444 páginas ; _c22 centímetros |
||
| 336 |
_atext _2rdacontent |
||
| 337 |
_aunmediated _2rdamedia |
||
| 338 |
_avolume _2rdacarrier |
||
| 505 | 0 | _aPatriarchal background -- Abraham -- Isaac, Jacob, Joseph -- Sojourn and Exodus Chronology -- Life in Egypt -- Israel in the wilderness, The conquest -- The judges -- King Saul -- David -- Solomon -- The northern Kingdom. The Kingdom -- The Kingdom of Judah -- Exile and return -- Basic futher reading -- A Chronological Chart. | |
| 526 | _aSEG42 | ||
| 526 | _aSEG41 | ||
| 526 | _aSEG40 | ||
| 526 | _aSEG39 | ||
| 526 | _aP94 | ||
| 526 | _aP87 | ||
| 526 | _aP86 | ||
| 526 | _aP85 | ||
| 526 | _aP77 | ||
| 526 | _aP76 | ||
| 526 | _aP35 | ||
| 630 | 0 | 4 |
_aBiblia. _pA.T. _xHistoria de los acontecimientos bíblicos. |
| 650 | 1 | 4 |
_aJudíos _xHistoria _yHasta el año 70 d.C. |
| 942 |
_2ddc _cBOOK |
||
| 949 |
_a221.9 W79 _wDEWEY _c1 _i36767 _lCCODEBUL1 _mBUL _p00.00 _r0 _sY _tBOOK _u2015-06-25 _xBIBLIOTECA _zUNKNOWN _0COMPRA _o.STAFF. Colección General |
||
| 994 |
_aC0 _bPEPRU |
||
| 596 | _a1 | ||
| 999 |
_a221.9 W79 _wDEWEY _c39329 _i36767 _d39329 _e2022-6-14 _f2021-11-11 _g5 _lCCODEBUL1 _mBUL _n1 _p22.74 _q1 _r0 _sY _tBOOK _u2015-6-25 _xTEOLOGIA _PP35 _0COMPRA _o.STAFF. Colección Teología |
||
| 980 |
_81 _gALBERTO SANCHEZ Responsable de Automatización |
||